Normal view
MARC view
Entry Personal Name
001 - CONTROL NUMBER
- control field: 49969
003 - CONTROL NUMBER IDENTIFIER
- control field: OSt
005 - DATE AND TIME OF LATEST TRANSACTION
- control field: 20250114141826.0
008 - FIXED-LENGTH DATA ELEMENTS
- fixed length control field: 250114|| aca||aabn | a|a d
040 ## - CATALOGING SOURCE
- Original cataloging agency: OSt
- Transcribing agency: OSt
100 ## - HEADING--PERSONAL NAME
- Personal name: Brensinger, Jordan
670 ## - SOURCE DATA FOUND
- Source citation: Work cat.: (OSt)525220: Brensinger, Jordan , Identity theft, trust breaches, and the production of economic insecurity
